Science
Saved in:
| Hovedforfatter: | |
|---|---|
| Format: | Bog |
| Sprog: | engelsk |
| Udgivet: |
Glenview
Addison-Wesley Educational
2000
|
| Serier: | Scott Foresman
|
| Fag: | |
| Tags: |
Tilføj Tag
Ingen Tags, Vær først til at tagge denne postø!
|
MARC
| LEADER | 00000nam a2200000 a 4500 | ||
|---|---|---|---|
| 001 | UCK3925 | ||
| 003 | CL-VaPUC | ||
| 008 | 050513e20000000US |||||||||||||||||eng|d | ||
| 020 | |a 0673593061 | ||
| 082 | 0 | 4 | |a 372.35 |b FOR |2 21 |
| 100 | 0 | |a Foresman, Scott |e author |9 492305 | |
| 245 | 1 | 0 | |a Science |
| 300 | |a Pág. irreg | ||
| 942 | |c BK | ||
| 945 | |d 20050513 00:00:00 |a cmena | ||
| 260 | |a Glenview |b Addison-Wesley Educational |c 2000 | ||
| 650 | 0 | |a Educación científica |9 307484 | |
| 650 | 0 | |a Educación básica |9 224933 | |
| 650 | 0 | |a Libros de texto |9 270019 | |
| 583 | |a last modification |c 20050513 00:00:00 |k Rodrigo Vera | ||
| 490 | 0 | |a Scott Foresman | |
| 999 | |c 312970 |d 312968 | ||
| 952 | |0 0 |1 0 |4 0 |6 372_350000000000000_FOR_2000 |7 0 |8 A |9 383987 |a BIBCUR |b BIBCUR |d 2019-11-22 |i 4128486 |o 372.35 FOR 2000 |p 4128486 |r 2025-04-22 |w 2019-11-22 |y BK |k FIS | ||